[Event "Erfurt op-A 29th"]
[Site "Erfurt"]
[Date "2019.12.30"]
[Round "8"]
[White "Dehn, Marcus"]
[Black "Hoehn, Michael"]
[Result "0-1"]
[WhiteElo "2110"]
[BlackElo "2018"]
[PlyCount "50"]
[EventDate "2019.12.26"]
[EventType "swiss"]
[EventRounds "8"]
[EventCountry "GER"]
[SourceTitle "CBM 194 Extra"]
[Source "ChessBase"]
[SourceDate "2020.03.31"]
[SourceVersion "1"]
[SourceVersionDate "2020.03.31"]
[SourceQuality "1"]

1. d4 Nf6 2. e3 g6 3. Nf3 Bg7 4. Be2 0-0 5. 0-0 d6 6. Nbd2 Nbd7 7. Nc4 c6 8. a4 Qc7 9. a5 d5 10. Nce5 Nxe5 11. Nxe5 c5 12. Nd3 Nd7 13. Nf4 e6 14. h4 Rb8 15. Ra4 b6 16. axb6 axb6 17. c4 dxc4 18. dxc5 b5 19. Ra2 Nxc5 20. Bd2 Rd8 21. Qe1 Nb3 22. Bc3 e5 23. Nh3 Bxh3 24. gxh3 Qe7 25. h5 b4 0-1

[Event "Erfurt op-A 29th"]
[Site "Erfurt"]
[Date "2019.12.28"]
[Round "4"]
[White "Gruender, Michael"]
[Black "Hoehn, Michael"]
[Result "1/2-1/2"]
[WhiteElo "1902"]
[BlackElo "2018"]
[PlyCount "57"]
[EventDate "2019.12.26"]
[EventType "swiss"]
[EventRounds "8"]
[EventCountry "GER"]
[SourceTitle "CBM 194 Extra"]
[Source "ChessBase"]
[SourceDate "2020.03.31"]
[SourceVersion "1"]
[SourceVersionDate "2020.03.31"]
[SourceQuality "1"]

1. Nf3 Nf6 2. c4 g6 3. g3 Bg7 4. Bg2 0-0 5. 0-0 c5 6. Nc3 d5 7. cxd5 Nxd5 8. d4 cxd4 9. Nxd4 Nxc3 10. bxc3 a6 11. Be3 Qc7 12. Qc1 Nd7 13. Rb1 Rb8 14. Qa3 e5 15. Nc2 Re8 16. Nb4 Nf6 17. Nd5 Nxd5 18. Bxd5 Bf8 19. Qb3 b5 20. a4 Bf5 21. Ra1 Be6 22. Bxe6 Rxe6 23. Rfb1 Rc6 24. Qd5 Rd8 25. Qf3 bxa4 26. Rxa4 Qd7 27. Kg2 Rxc3 28. Rxa6 Qd5 29. Qxd5 1/2-1/2

[Event "Erfurt op-A 29th"]
[Site "Erfurt"]
[Date "2019.12.27"]
[Round "2"]
[White "Hoehn, Michael"]
[Black "Halas, Julia"]
[Result "1/2-1/2"]
[WhiteElo "2018"]
[BlackElo "2087"]
[PlyCount "59"]
[EventDate "2019.12.26"]
[EventType "swiss"]
[EventRounds "8"]
[EventCountry "GER"]
[SourceTitle "CBM 194 Extra"]
[Source "ChessBase"]
[SourceDate "2020.03.31"]
[SourceVersion "1"]
[SourceVersionDate "2020.03.31"]
[SourceQuality "1"]

1. Nf3 Nf6 2. d4 g6 3. c4 Bg7 4. Nc3 0-0 5. g3 d6 6. Bg2 c5 7. 0-0 Nc6 8. dxc5 dxc5 9. Be3 Qa5 10. Qa4 Qxa4 11. Nxa4 b6 12. Ne1 Bd7 13. Nd3 Rac8 14. Nc3 Ng4 15. Bd2 Nge5 16. Nxe5 Bxe5 17. Rad1 Rfd8 18. h3 Bf5 19. Bxc6 Rxc6 20. Nd5 Re8 21. Bh6 Rcc8 22. g4 Be4 23. b3 e6 24. Ne3 Red8 25. g5 f5 26. gxf6 Bxf6 27. Ng4 Be7 28. Ne5 Bc2 29. Rc1 Bf5 30. Kh2 1/2-1/2

[Event "Hessen Cup Goldener Springer"]
[Site "Griesheim"]
[Date "2019.01.18"]
[Round "2"]
[White "Hoehn, Michael"]
[Black "Yaghy, Ritta"]
[Result "1-0"]
[WhiteElo "2012"]
[BlackElo "1743"]
[PlyCount "87"]
[EventDate "2019.01.18"]
[EventType "swiss"]
[EventRounds "6"]
[EventCountry "GER"]
[SourceTitle "EXT 2020"]
[Source "ChessBase"]
[SourceDate "2019.10.17"]
[SourceVersion "1"]
[SourceVersionDate "2019.10.17"]
[SourceQuality "1"]

1. Nf3 d5 2. b3 Nf6 3. Bb2 c5 4. e3 Nc6 5. Bb5 a6 6. Bxc6+ bxc6 7. Ne5 Qc7 8. d3 e6 9. Nd2 Bd6 10. f4 0-0 11. 0-0 Nd7 12. Ndf3 f6 13. Nxd7 Bxd7 14. Qe1 e5 15. fxe5 fxe5 16. Qg3 Rae8 17. Rae1 Re6 18. Ng5 Ref6 19. Rxf6 Rxf6 20. e4 Rf4 21. h3 c4 22. Nf3 cxd3 23. cxd3 d4 24. Bc1 Rf6 25. Bg5 Rf7 26. Bh6 Qb8 27. Rf1 Qf8 28. Rc1 Kh8 29. Nxe5 Kg8 30. Nxd7 Bxg3 31. Nxf8 Kxf8 32. Bd2 Rf6 33. Bb4+ Ke8 34. Bc5 Kd7 35. Bxd4 Rd6 36. Rc4 c5 37. Bxc5 Rxd3 38. Rd4+ Rxd4 39. Bxd4 g6 40. Kf1 Ke6 41. Ke2 Bc7 42. Kd3 Kd6 43. Kc4 Kc6 44. e5 1-0

[Event "WchT Seniors 50"]
[Site "Hersonissos"]
[Date "2017.04.29"]
[Round "6.3"]
[White "Hoehn, Michael"]
[Black "Viljava, Tapani"]
[Result "0-1"]
[WhiteElo "2052"]
[BlackElo "2187"]
[PlyCount "82"]
[EventDate "2017.04.24"]
[EventType "team-swiss"]
[EventRounds "9"]
[EventCountry "GRE"]
[SourceTitle "CBM 178 Extra"]
[Source "ChessBase"]
[SourceDate "2017.06.22"]
[SourceVersion "1"]
[SourceVersionDate "2017.06.22"]
[SourceQuality "1"]
[WhiteTeam "Offenbach"]
[BlackTeam "Finland"]
[WhiteTeamCountry "GER"]
[BlackTeamCountry "FIN"]

1. Nf3 c5 2. b3 d6 3. Bb2 e5 4. d3 Nc6 5. g3 g6 6. Bg2 Bg7 7. 0-0 Nge7 8. Nfd2 Be6 9. c4 Qd7 10. Re1 0-0 11. Nc3 Rab8 12. a3 d5 13. cxd5 Nxd5 14. Nce4 Qe7 15. Rc1 b6 16. Nf3 h6 17. Ned2 Rbc8 18. Qc2 Qd7 19. Qb1 Nde7 20. Qa1 f6 21. Red1 Bd5 22. e3 g5 23. Nc4 Ng6 24. e4 Be6 25. Ne3 Bxb3 26. Rd2 Be6 27. Nd5 Nge7 28. Ne3 Rfd8 29. h4 Na5 30. hxg5 Nb3 31. Qb1 Nxd2 32. Nxd2 hxg5 33. Bf1 Nc6 34. f4 exf4 35. gxf4 gxf4 36. Ng2 Nd4 37. Nxf4 Bh6 38. Nxe6 Qxe6 39. Bxd4 Rxd4 40. Rc2 Be3+ 41. Kh1 Qg4 0-1

[Event "WchT Seniors 50"]
[Site "Hersonissos"]
[Date "2017.04.25"]
[Round "2.3"]
[White "Hoehn, Michael"]
[Black "Movsziszian, Karen"]
[Result "0-1"]
[WhiteElo "2052"]
[BlackElo "2483"]
[PlyCount "84"]
[EventDate "2017.04.24"]
[EventType "team-swiss"]
[EventRounds "9"]
[EventCountry "GRE"]
[SourceTitle "CBM 178 Extra"]
[Source "ChessBase"]
[SourceDate "2017.06.22"]
[SourceVersion "1"]
[SourceVersionDate "2017.06.22"]
[SourceQuality "1"]
[WhiteTeam "Offenbach"]
[BlackTeam "Armenia"]
[WhiteTeamCountry "GER"]
[BlackTeamCountry "ARM"]

1. Nf3 g6 2. e4 Bg7 3. Bc4 d6 4. h4 Nf6 5. Nc3 0-0 6. d4 Bg4 7. Be3 Nbd7 8. Qd2 c5 9. dxc5 Nxc5 10. Bxc5 Bxf3 11. gxf3 dxc5 12. Qe3 Nh5 13. Rd1 Bd4 14. Qg5 e6 15. Ne2 Qa5+ 16. c3 Bf6 17. Qe3 Qc7 18. f4 Bg7 19. Qf3 a6 20. Rg1 b5 21. Bb3 Kh8 22. e5 c4 23. Bc2 Bh6 24. Rd6 Rad8 25. Rxa6 Rd7 26. Ra8 Rxa8 27. Qxa8+ Rd8 28. Qe4 Qd7 29. Qe3 Qe7 30. Rg4 f5 31. exf6 Nxf6 32. Qe5 Rd5 33. Qb8+ Kg7 34. Rg3 e5 35. f5 Rd2 36. fxg6 Rxc2 37. gxh7+ Kxh7 38. Qxb5 Qe6 39. Qb7+ Qd7 40. Qf3 Rxb2 41. Kf1 Qd1+ 42. Kg2 Qd5 0-1

[Event "WchT Seniors 50"]
[Site "Radebeul"]
[Date "2016.07.01"]
[Round "6.17"]
[White "Weichelt, Jens"]
[Black "Hoehn, Michael"]
[Result "1-0"]
[WhiteElo "2073"]
[BlackElo "2069"]
[PlyCount "105"]
[EventDate "2016.06.26"]
[EventType "team-swiss"]
[EventRounds "9"]
[EventCountry "GER"]
[SourceTitle "CBM 173 Extra"]
[Source "ChessBase"]
[SourceDate "2016.08.29"]
[SourceVersion "1"]
[SourceVersionDate "2016.08.29"]
[SourceQuality "1"]
[WhiteTeam "Heidenau"]
[BlackTeam "Offenbach"]
[WhiteTeamCountry "GER"]
[BlackTeamCountry "GER"]

1. d4 Nf6 2. c4 g6 3. Nc3 d5 4. cxd5 Nxd5 5. e3 Bg7 6. Bc4 Nb6 7. Bd3 0-0 8. Nf3 c5 9. dxc5 Nd5 10. Nxd5 Qxd5 11. Qc2 Nc6 12. e4 Qh5 13. Be2 Bg4 14. 0-0 Ne5 15. Nd4 Rfd8 16. Bxg4 Nxg4 17. Nf3 Rac8 18. h3 Ne5 19. Nxe5 Bxe5 20. Be3 b6 21. Rad1 Rxd1 22. Rxd1 bxc5 23. Rd5 f6 24. f4 Qh4 25. Qf2 Qxf2+ 26. Kxf2 Bxb2 27. Rxc5 Rf8 28. Rc7 e5 29. fxe5 fxe5+ 30. Ke2 a5 31. Rc5 a4 32. Ra5 a3 33. Bc5 Rc8 34. Kf3 Rc7 35. Ra8+ Kg7 36. Ra7 Rxa7 37. Bxa7 Kf6 38. Bc5 Ke6 39. Ke2 Kd7 40. Kd3 Kc6 41. Kc4 Bc1 42. Bb4 Bb2 43. Kb3 Kb5 44. Bd6 h6 45. Bf8 Bc1 46. Be7 Bb2 47. Bd6 h5 48. g4 hxg4 49. hxg4 g5 50. Be7 Bc1 51. Bf8 Ka5 52. Bxa3 Bf4 53. Kc4 1-0

[Event "WchT Seniors 50"]
[Site "Radebeul"]
[Date "2016.06.29"]
[Round "4.2"]
[White "Hoehn, Michael"]
[Black "Schulz, Peter"]
[Result "1/2-1/2"]
[WhiteElo "2069"]
[BlackElo "2068"]
[PlyCount "86"]
[EventDate "2016.06.26"]
[EventType "team-swiss"]
[EventRounds "9"]
[EventCountry "GER"]
[SourceTitle "CBM 173 Extra"]
[Source "ChessBase"]
[SourceDate "2016.08.29"]
[SourceVersion "1"]
[SourceVersionDate "2016.08.29"]
[SourceQuality "1"]
[WhiteTeam "Offenbach"]
[BlackTeam "Oberoesterreich"]
[WhiteTeamCountry "GER"]
[BlackTeamCountry "AUT"]

1. Nf3 Nf6 2. b3 g6 3. Bb2 Bg7 4. d4 d5 5. g3 0-0 6. Bg2 Ne4 7. Nfd2 c5 8. 0-0 Nc6 9. Nxe4 dxe4 10. Bxe4 Bh3 11. Bg2 Bxg2 12. Kxg2 cxd4 13. c3 Qb6 14. cxd4 Nxd4 15. Nd2 Rfd8 16. Rc1 Qa5 17. Bc3 Qxa2 18. e3 Nb5 19. Rc2 Nxc3 20. Rxa2 Nxd1 21. Rxd1 Rd3 22. Rc1 Rc3 23. Rxc3 Bxc3 24. Nc4 a5 25. Rc2 Bb4 26. Nb6 Ra6 27. Nd5 Bd6 28. e4 b5 29. f4 f6 30. e5 fxe5 31. fxe5 Bxe5 32. Nxe7+ Kf7 33. Nc6 Bd6 34. Nd4 Rb6 35. Rf2+ Ke7 36. Ra2 Bb4 37. Nc2 Bc3 38. Ne3 Kd6 39. Rc2 Bd4 40. Ng4 a4 41. bxa4 bxa4 42. Rc4 Rb2+ 43. Kf3 Kd5 1/2-1/2

[Event "Hessenliga 1516"]
[Site "Germany"]
[Date "2015.11.22"]
[Round "3.5"]
[White "Emmerich, Dirk"]
[Black "Hoehn, Michael"]
[Result "1-0"]
[WhiteElo "2177"]
[BlackElo "2069"]
[PlyCount "63"]
[EventDate "2015.09.27"]
[EventType "team-tourn"]
[EventRounds "9"]
[EventCountry "GER"]
[SourceTitle "EXT 2018"]
[Source "ChessBase"]
[SourceDate "2017.10.13"]
[SourceVersion "1"]
[SourceVersionDate "2017.10.13"]
[SourceQuality "1"]
[WhiteTeam "Dotzheim"]
[BlackTeam "Offenbach"]
[WhiteTeamCountry "GER"]
[BlackTeamCountry "GER"]

1. e4 d6 2. d4 Nf6 3. Nc3 c6 4. f3 Qc7 5. Be3 e5 6. Qd2 Be7 7. h4 Nbd7 8. Nh3 Nh5 9. Bf2 exd4 10. Qxd4 Ne5 11. Qd2 Be6 12. Be2 Nc4 13. Bxc4 Bxc4 14. g4 Nf6 15. Qd4 d5 16. exd5 Bxd5 17. Nxd5 Nxd5 18. 0-0-0 0-0 19. g5 Rfd8 20. Qe4 Qa5 21. Kb1 Re8 22. Qc4 Rad8 23. h5 b5 24. Qb3 Bf8 25. g6 fxg6 26. hxg6 h6 27. Nf4 Kh8 28. Nxd5 Rxd5 29. Rxd5 cxd5 30. Qxd5 Ra8 31. Rxh6+ gxh6 32. Bd4+ 1-0

[Event "Oberliga Ost-B 1213"]
[Site "Germany"]
[Date "2013.04.14"]
[Round "11.3"]
[White "Hoehn, Michael"]
[Black "Margolin, Boris"]
[Result "1/2-1/2"]
[WhiteElo "2095"]
[BlackElo "2417"]
[PlyCount "96"]
[EventDate "2012.09.30"]
[EventType "team-tourn"]
[EventRounds "11"]
[EventCountry "GER"]
[SourceTitle "EXT 2014"]
[Source "ChessBase"]
[SourceDate "2013.11.20"]
[SourceVersion "1"]
[SourceVersionDate "2013.11.20"]
[SourceQuality "1"]
[WhiteTeam "Offenbach"]
[BlackTeam "Oberursel"]
[WhiteTeamCountry "GER"]
[BlackTeamCountry "GER"]

1. Nf3 g6 2. e4 Bg7 3. d4 d6 4. Bc4 e6 5. Nc3 a6 6. a4 b6 7. Bg5 Ne7 8. Qe2 h6 9. Bh4 Bb7 10. Rd1 Nd7 11. 0-0 0-0 12. Ne1 Qe8 13. f4 Nf6 14. Bb3 d5 15. e5 Nh7 16. g4 c6 17. Ng2 Bc8 18. Ne3 g5 19. Bg3 gxf4 20. Bxf4 c5 21. Ng2 Ng6 22. Bg3 c4 23. Ba2 b5 24. Ra1 Bd7 25. a5 Rc8 26. Nd1 c3 27. Rf3 cxb2 28. Nxb2 Ng5 29. Rff1 b4 30. Nd3 Bb5 31. Be1 Qc6 32. Bb3 Qb7 33. Ba4 Bc4 34. Rb1 Qa7 35. Qe3 f6 36. Bxb4 fxe5 37. Bxf8 exd4 38. Qe2 Rxf8 39. Rxf8+ Bxf8 40. Be8 Qg7 41. Bxg6 Qxg6 42. Rb8 Qf6 43. Kh1 e5 44. h4 Ne4 45. Kh2 Kg7 46. Rb7+ Kg8 47. Rb8 Kg7 48. Rb7+ Kg8 1/2-1/2

[Event "Eschborn op 09th"]
[Site "Eschborn"]
[Date "2012.06.02"]
[Round "2"]
[White "Droeser, Wolfgang"]
[Black "Hoehn, Michael"]
[Result "0-1"]
[WhiteElo "1253"]
[BlackElo "2108"]
[PlyCount "80"]
[EventDate "2012.06.01"]
[EventType "swiss"]
[EventRounds "5"]
[EventCountry "GER"]
[SourceTitle "EXT 2014"]
[Source "ChessBase"]
[SourceDate "2013.11.20"]
[SourceVersion "1"]
[SourceVersionDate "2013.11.20"]
[SourceQuality "1"]

1. f4 d5 2. Nf3 c5 3. e3 Nc6 4. Bb5 Bd7 5. 0-0 e6 6. b3 Bd6 7. Bb2 f6 8. Bxc6 Bxc6 9. a4 Ne7 10. Re1 0-0 11. Na3 a6 12. g3 Qc7 13. d4 Rae8 14. Qd3 Bd7 15. c4 Nc6 16. Nc2 Qb6 17. Ba3 a5 18. Rab1 Kh8 19. e4 dxe4 20. Qxe4 e5 21. Bxc5 Bxc5 22. dxc5 Qxc5+ 23. Qe3 Qxe3+ 24. Rxe3 Bf5 25. Rb2 Bxc2 26. Rxc2 exf4 27. Rxe8 Rxe8 28. gxf4 Re3 29. Kf2 Rxf3+ 30. Kg2 Rxb3 31. Re2 Kg8 32. Re8+ Kf7 33. Rc8 Kg6 34. h4 Kf5 35. Rc7 Kxf4 36. Rxg7 h5 37. Rf7 f5 38. Rg7 Ne5 39. Kh1 Nf3 40. Rg2 Rb1+ 0-1